| 000 | 00362 a2200157 4500 | ||
|---|---|---|---|
| 001 | 61243 | ||
| 020 | _a | ||
| 040 | _cAnchieta - Pituba | ||
| 100 | _aFaria, Rita Brugin de | ||
| 240 | 1 | 0 |
_aTraveling around the Islands 9 _lIng |
| 245 | 1 | 0 | _aTraveling around the Islands 9 |
| 300 | _a32 | ||
| 362 | 0 | _a2006 | |
| 650 | 4 | _aInglês e inglês antigo | |
| 942 | _cBK | ||
| 999 |
_c61243 _d61243 |
||